| 000 | 01015nam0a22002651 4500 | ||
|---|---|---|---|
| 001 | rc\4335814 | ||
| 005 | 20260406083651.0 | ||
| 035 | _a(NLR Aleph) 008213790 | ||
| 090 |
_a8113067 _c8113067 |
||
| 100 | _a20130416d1968 |||y0rusy50 ca | ||
| 101 | 1 |
_arus _cbel |
|
| 102 | _aRU | ||
| 105 | _aa z |||a| | ||
| 200 | 1 |
_aВетер века _eРоман-хроника _fАвториз пер. с белорус. А. Миронова _g[Ил.: В. Тарасов |
|
| 210 |
_aМинск _cБеларусь _d1968] |
||
| 215 |
_a543 с. _cил. _d21 |
||
| 606 |
_aПартизанское движение в Великой Отечественной войне 1941-1945 гг. _yБССР (х. л.) _2psbo |
||
| 700 | 1 |
_7ca _8rus _aГурский _bИ. Д. _f1899-1972 _gИлья Данилович _92650369 _3RU\NLR\AUTH\770278402 |
|
| 702 | 1 |
_aТарасов _bВ. _4440 |
|
| 702 | 1 |
_aМиронов _bА. _4730 |
|
| 801 | 0 |
_aRU _bNLR _gpsbo |
|
| 801 | 1 |
_aRU _bELAR _2rusmarc |
|
| 852 |
_aNLR _j68-3/7036 |
||
| 942 | _cBOOK | ||
| 980 | _aNB | ||